000 00422nam a22001697a 4500
003 CEME
005 20210628210514.0
008 210208b xxu||||| |||| 00| 0 eng d
040 _c.
082 _a621.3848 KEL
100 _aKelly, Mervin.J
_979674
245 _aRadar systems and components
260 _aNEW YORK
_bD. VAN NOSTRAND
_c1949
300 _a1020P
650 _aRADAR ENGINEERING
_979675
942 _cBK
_2ddc
999 _c584685
_d584685